<?xml version="1.0" encoding="UTF-8"?>
<collection xmlns:xsi="http://www.w3.org/2001/XMLSchema-instance" xsi:schemaLocation="http://www.loc.gov/MARC21/slim http://www.loc.gov/standards/marcxml/schema/MARC21slim.xsd" xmlns="http://www.loc.gov/MARC21/slim">
 <record>
  <leader>00000cmm a22000004a 4500</leader>
  <controlfield tag="001">UP-99796217611190009</controlfield>
  <controlfield tag="003">Buklod</controlfield>
  <controlfield tag="005">20241017095210.0</controlfield>
  <controlfield tag="006">m    go  j        </controlfield>
  <controlfield tag="007">cr |n |||auu|a</controlfield>
  <controlfield tag="008">241017s2011    xxk    go  j        eng  </controlfield>
  <datafield tag="020" ind1=" " ind2=" ">
   <subfield code="a">9781849961578 (eBook)</subfield>
  </datafield>
  <datafield tag="035" ind1=" " ind2=" ">
   <subfield code="a">(iLib)UPD-00214606720</subfield>
  </datafield>
  <datafield tag="040" ind1=" " ind2=" ">
   <subfield code="a">DMLR</subfield>
   <subfield code="e">rda</subfield>
  </datafield>
  <datafield tag="041" ind1="0" ind2=" ">
   <subfield code="a">eng</subfield>
  </datafield>
  <datafield tag="042" ind1=" " ind2=" ">
   <subfield code="a">DMLUC</subfield>
  </datafield>
  <datafield tag="084" ind1=" " ind2=" ">
   <subfield code="a">QC 76.76 C672</subfield>
   <subfield code="b">H37 2011eb</subfield>
  </datafield>
  <datafield tag="100" ind1="1" ind2=" ">
   <subfield code="a">Harteveld, Casper.</subfield>
   <subfield code="e">editor.</subfield>
  </datafield>
  <datafield tag="245" ind1="1" ind2="0">
   <subfield code="a">Triadic game design</subfield>
   <subfield code="b">balancing reality, meaning and play</subfield>
   <subfield code="h">[electronic resource]</subfield>
   <subfield code="c">by Casper Harteveld.</subfield>
  </datafield>
  <datafield tag="264" ind1=" " ind2="1">
   <subfield code="a">London</subfield>
   <subfield code="b">Springer</subfield>
   <subfield code="c">[©2011]</subfield>
  </datafield>
  <datafield tag="300" ind1=" " ind2=" ">
   <subfield code="a">1 online resource (xvii, 316 pages)</subfield>
  </datafield>
  <datafield tag="336" ind1=" " ind2=" ">
   <subfield code="a">text</subfield>
   <subfield code="2">rdacontent</subfield>
  </datafield>
  <datafield tag="337" ind1=" " ind2=" ">
   <subfield code="a">computer</subfield>
   <subfield code="2">rdamedia</subfield>
  </datafield>
  <datafield tag="338" ind1=" " ind2=" ">
   <subfield code="a">online resource</subfield>
   <subfield code="b">cr</subfield>
   <subfield code="2">rdacarrier</subfield>
  </datafield>
  <datafield tag="505" ind1="0" ind2=" ">
   <subfield code="a">Press Start -- Foundations -- Reality -- Meaning -- Play -- Balancing -- Game Over?- Notes -- Literature Bibliography -- Game Bibliography -- Solutions -- Workshop -- Worksheets -- Index.</subfield>
  </datafield>
  <datafield tag="506" ind1=" " ind2=" ">
   <subfield code="a">IP-based subscription, access limited to within on-campus computer network. Access via Electronic Resources of the UPD University Library Website. </subfield>
  </datafield>
  <datafield tag="520" ind1=" " ind2=" ">
   <subfield code="a">Many designers, policy makers, teachers, and other practitioners are beginning to understand the usefulness of using digital games beyond entertainment. This has led to an increasing number of attempts to apply games meaningfully. Games have been developed from teaching students about history, making patients adhere in taking their medicine, to recruiting personnel for the military and collecting data to improve search engines. Yet, little is known on how to design such games. This book is one of the first to look into the fundamentals of designing any game with a serious purpose and provides a way of thinking on how to design one successfully. Drawing on the personal design experience of the author as well as dozens of examples, the reader will be introduced to a design philosophy called ?Triadic Game Design.? This argues that all games involve three worlds: the worlds of Reality, Meaning, and Play. Each world is affiliated with different people, disciplines, aspects, and criteria. The philosophy also posits that a balance needs to be found within and between the three worlds. Such a balance is difficult to achieve, during the design many tensions will arise, forcing designers to make trade-offs. To deal with these tensions and to ensure that the right decisions are made to create a harmonic game, a frame of reference is needed. This is what Triadic Game Design offers. And this is what makes it an invaluable tool for practitioners and researchers who are interested in using and designing games that have a real world impact.</subfield>
  </datafield>
  <datafield tag="533" ind1=" " ind2=" ">
   <subfield code="a">Electronic reproduction.</subfield>
   <subfield code="b">New York</subfield>
   <subfield code="c">SpringerLink</subfield>
   <subfield code="d">c2011.</subfield>
   <subfield code="n">Available via World Wide Web through SpringerLink.?</subfield>
  </datafield>
  <datafield tag="650" ind1=" " ind2="0">
   <subfield code="a">Computer games</subfield>
   <subfield code="x">Design.</subfield>
  </datafield>
  <datafield tag="650" ind1=" " ind2="0">
   <subfield code="a">Simulated environment (Teaching method)</subfield>
  </datafield>
  <datafield tag="650" ind1=" " ind2="0">
   <subfield code="a">Electronic books.</subfield>
  </datafield>
  <datafield tag="710" ind1="2" ind2=" ">
   <subfield code="a">SpringerLink (Online service).</subfield>
  </datafield>
  <datafield tag="842" ind1=" " ind2=" ">
   <subfield code="a">Electronic Resource</subfield>
  </datafield>
  <datafield tag="856" ind1="4" ind2="0">
   <subfield code="y">Available for University of the Philippines Diliman via SpringerLink. Click here to access</subfield>
   <subfield code="u">https://link.springer.com/book/10.1007/978-1-84996-157-8</subfield>
  </datafield>
  <datafield tag="905" ind1=" " ind2=" ">
   <subfield code="a">FO</subfield>
  </datafield>
  <datafield tag="950" ind1=" " ind2=" ">
   <subfield code="a">Monograph</subfield>
  </datafield>
  <datafield tag="852" ind1="0" ind2=" ">
   <subfield code="a">UPD</subfield>
   <subfield code="b">DMLR</subfield>
   <subfield code="h">QA 76.76 C672</subfield>
   <subfield code="i">H37 2011eb</subfield>
  </datafield>
  <datafield tag="942" ind1=" " ind2=" ">
   <subfield code="a">Electronic Resource</subfield>
  </datafield>
 </record>
</collection>
